1700 1809 1913 1903 1491 1496 1613 1990 1066 1358 1657 1864 1046 1597 1628 1764 1524 1298 1386 1654 1741 1199 1318 1540 1204 1644 1246 1951 1502 1021 1994 1457 1358 1954 1956 1622 1757 1050 1010 1460 1489 1075 1612 1027 1574 1244 1835 1084 1457 1938 1645 1108 1380 1477 1749 1605 1041 1973 1708 1769 1049 1849 1715 1076 1971 1583 1573 1017 1850 1344 1432 1837 1630 1126 1811 1619 1908 1745 1400 1794 1836 1987 1068 1362 1499 1518 1656 1404 1164 1623 1425 1836 1709 1956 1402 1480 1126 1648 1470 BCNSPRNW ULIB Ver.6.0+V

เปลี่ยนเป็นภาษาไทย

Change to English
 แสดงรายละเอียดบรรณานุกรม
  กลับหน้าหลัก

Brief Record : Get Marc (ISO 2709) : E-mail record : QR code < ปิดหน้าต่าง
LEADER : 00000nam 2200000uu 4500
001    13399114076
003     ULIB
008    120214s2541||||th 000 0 tha d
020    ^a9747803577
060 04 ^aWA380^bอ223ก 2541
245 00 ^aการวิจัยและพัฒนาระบบบัญชีรายจ่ายสุขภาพแห่งชาติ =^bNational
246 31 ^aNational health account-NHA
250    ^aพิมพ์ครั้งที่ 1
260    ^aกรุงเทพฯ :^bโฮลิสติก,^c2541
300    ^a62 หน้า ;^c26 ซม.
500    ^aนักวิจัย: อดิศวร์ หลายชูไทย, วิพรรณ ประจวบเหมาะ รูฟฟูโล,
650  4 ^aค่าใช้จ่ายในการรักษาพยาบาล
650  4 ^aบริการทางการแพทย์^xการบัญชี
650  4 ^aบริการสุขภาพ^xค่าใช้จ่าย
650  4 ^aสุชภาพ^xค่าใช้จ่าย
650  4 ^aวิจัย
700 0  ^aอดิศวร์ หลายชูไทย
700 0  ^aประจวบเหมาะ รูฟฟูโล
700 0  ^aดวงกมล วิมลกิจ
700 0  ^aนวลอนันต์ ตันติเกตุ
700 0  ^aวิโรจน์ ตั้งเจริญเสถียร
700 0  ^aอุทัย ม่วงศรีเมืองดี
700 0  ^aอนุวัฒน์ ศุภชุติกุล,^eบรรณาธิการ
945    ^p0^l0^i8577
995    ^aกัณชพร
999 ^a ใช้งานได้ทุกระบบ
รายการนี้ยังไม่มีแท็ก
คุณยังไม่ได้ล็อกอิน คุณสามารถมีกิจกรรมร่วมกับเว็บไซต์ได้ แต่ต้องล็อกอินก่อน ::
  ล็อกอิน

รายการสื่อสารสนเทศ

ลำดับที่ ประเภท เลขเรียก/บาร์โค้ด สถานที่ สถานะ
- ไม่พบข้อมูล -

รายการใกล้เคียง
    หัวเรื่อง [ค่าใช้จ่ายในการรักษาพยาบาล]
    หัวเรื่อง [วิจัย]

BibComment


ยังไม่เคยถูกคอมเมนท์

คอมเมนท์ทรัพยากรรายการนี้
  คอมเมนท์: การวิจัยและพัฒนา..


 Copyright 2026. Bcnsprnw @Library